00763nam a22002297a 450000500170000001000130001702000190003003500130004903700160006204000120007808200170009010000170010724500950012424600060021926000480022527000530027330000270032649000410035350000610039465000380045565000400049320170124105920.0 aA-584666 c00a8121003008 aA-584666 bCen Lib/Ret aDPLbEN a307.772bSHA aSharma, B.K. aHabitat, economy & society of tribal core :cby Rajat Kanti Das bA study of damin-i-koh / b  bInter India Publications c1992aNew Delhi  bNew Delhi aD-17, raja garden extension e110015 a253p.:c21cm(Hb)bill. aTribal studies of india series v156 aIncludes appendix, bibliographical references and index  aSocial Conditions-- India--Bihar  aEconomic Conditions-- India--Bihar